000 00567cam a22002291 4500
001 sa 65009746
003 DLC
005 20260227112204.0
008 941027s1964 ii 000 0 beno
010 _asa 65009746
025 _aPL480:EP-B-953
035 _a(OCoLC)31368349
040 _aDLC
_cCU
_dCU
_dDLC
042 _apremarc
050 0 0 _aDS238.U4
_bA3
100 1 _aAhmed, Nuruddin,
_d1943-
245 1 0 _aOmara ibne Ābadula Āyīya.
260 _c[1964]
300 _a215 p.
_c22 cm.
500 _aIn Bengali.
600 0 0 _a'Umar,
_bII,
_cCaliph,
_d-720.
999 _c66400
_d66400